000 00893 a2200241 4500
005 20140903175024.0
008 140219s2010 sp frn 001 0 spa d
020 _a 9788498605402
040 _aCO-BoUCM
_bspa
_c[Nuevo]
_dHenry Ríos
041 _aspa
100 1 _aGarrido Rebolledo, Vicente
_952858
245 1 3 _aLa no-proliferación y el desarme en perspectiva histórica
_cVicente Garrido Rebolledo
260 _bUniversidad del País Vasco
_aBilbao (Vizcaya, España)
_c2010
300 _a41 páginas
490 _aColección de estudios internacionales
_v7
504 _aIncluye referencias bibliográficas
650 4 _99357
_aArmas nucleares
650 7 _912922
_aDesarme nuclear
_xHistoria
650 7 _920412
_aNo proliferación nuclear
690 _942753
_aCiencia militar
942 _a6
_cLIBRO
_e1
_mG241
_2DEWEY
_h355.825119
999 _c184489
_d184489